000 00412nam a2200181Ia 4500
001 16958
005 20260306170349.0
008 260306t1995||||xx |||||||||||||| ||und||
041 _aESP
082 _a657.3
_bU77
100 _aUrias Valiente, Jesús
_eAUT
245 0 _aAnálisis de estados financieros
260 _c1995
300 _a
_c
650 _aGEN
654 _aCCO
942 _cLIB
_dJUS
_fJUS
_2ddc
_n
999 _c16958
_d16958